000 00544cam a22001697a 4500
008 180718b1956 xxu||||| |||| 00| 0 eng d
082 _aW03x42 K122
100 _aKahn-Freund, Otto
245 _aThe law of carriage by inland transport
_cby Otto Kahn-Freund
250 _a3rd ed.
260 _aLondon
_bStevens
_c1956
300 _a472p.
500 _aCover title: The Law of inland transport
650 _aTransportation --Law and legislation --Great Britain
650 _aRailroad law --Great Britain
650 _aCarriers --Great Britain
999 _c371038
_d371038